| 000 | 00450cam a2200181ua 4500 | ||
|---|---|---|---|
| 020 | _cRs 8.00 | ||
| 041 |
_ahin _h |
||
| 082 |
_a891.54 _bHAN/PR |
||
| 100 | _aHansraj, Rahbar . | ||
| 245 |
_aPremchand : Jeevan, kala, aur krititva / _cHansra Rahbar. _hTextual Documents |
||
| 250 |
_a2 / _b. |
||
| 260 |
_a : _bAtmaram and Sons , _c1962. |
||
| 300 | _a335 ; . | ||
| 365 | _aRs 8.00 | ||
| 504 | _a | ||
| 942 | _cBK | ||
| 999 |
_c3667 _d3667 |
||